000 00365nam a2200121Ia 4500
008 210430s9999 xx 000 0 und d
082 _a621.3848 A498 R
100 _aA Alan Moghissi
_954037
245 _aRadioactive Waste Technology
_cA Alan Moghissi
260 _aNew York
_bThe American Society of Mechanical Engineers
_c1986
300 _a705
942 _cBK
_2ddc
999 _c564487
_d564487